NBA Career Quiz - Statistics

General Stats
  • This quiz has been taken 108 times
  • The average score is 7 of 15
Answer Stats
Hint Answer % Correct
2. 21 Seasons - Lakers LeBron James
97%
3. 21 Seasons - Mavericks Dirk Nowitzki
94%
1. 22 Seasons - Raptors Vince Carter
89%
4. 21 Seasons - Timberwolves Kevin Garnett
88%
10. 20 Seasons - Bucks Kareem Abdul-Jabbar
63%
11. 19 Seasons - Spurs Chris Paul
61%
9. 20 Seasons - Lakers Kobe Bryant
48%
13. 19 Seasons - Nuggets Carmelo Anthony
38%
6. 21 Seasons - Celtics Robert Parish
35%
7. 20 Seasons - Heat Udonis Haslem
32%
5. 21 Seasons - Hawks Kevin Willis
15%
8. 20 Seasons - Clippers Jamal Crawford
9%
15. 19 Seasons - Mavericks Jason Terry
8%
14. 19 Seasons - Knicks Tyson Chandler
5%
12. 19 Seasons - Warriors Andre Igoudala
3%
No matching quizzes found
Score Distribution
Percent of People with Each Score
Percentile by Number Answered
Your Score History
You have not taken this quiz